000 00332nam a2200133Ia 4500
005 20260328104253.0
008 260328s9999||||xx |||||||||||||| ||und||
100 _aWright, Frank Lloyd
245 4 _aThe Future of Architecture /
_cFrank Lloyd Wright
260 _bHorizon
300 _a326 p.
650 _aARQUITECTOS
942 _cBK
999 _c10327
_d10327